[Event "Sparkassen-Open A"]
[Site "Heusenstamm, Martinsee"]
[Date "2021.11.20"]
[Round "4.13"]
[White "Lesny, Florian"]
[Black "Hahn, Markus"]
[Result "1-0"]
[WhiteElo "2143"]
[BlackElo "2264"]
[PlyCount "59"]
[EventDate "2021.??.??"]
[WhiteTeam "SK Niederbrechen"]
[BlackTeam "SVG Caissa Kassel"]

{[%evp 0,10,19,17,53,53,57,57,58,36,36,36,43]} 1. e4 {[%emt 0:00:36]} c5 2. Nf3
{[%emt 0:00:03]} d6 {[%emt 0:00:09]} 3. d4 {[%emt 0:00:17]} cxd4 {[%emt 0:00:
04]} 4. Nxd4 {[%emt 0:00:06]} Nf6 {[%emt 0:00:35]} 5. Nc3 a6 {[%emt 0:00:12]}
6. Be3 {[%emt 0:04:58]} e6 {[%emt 0:00:20]} 7. Be2 {[%emt 0:00:42]} Qc7 {
[%emt 0:00:35]} 8. a4 {[%emt 0:02:22]} b6 {[%emt 0:02:32]} 9. O-O {[%emt 0:05:
47]} Bb7 {[%emt 0:01:59]} 10. Bd3 {[%emt 0:00:47]} g6 {[%emt 0:05:13]} 11. f4 {
[%emt 0:05:10]} Bg7 {[%emt 0:05:19]} 12. Kh1 {[%emt 0:03:50]} O-O {[%emt 0:07:
11]} 13. Qe2 {[%emt 0:02:32]} Nbd7 {[%emt 0:06:10]} 14. Bg1 {[%emt 0:12:47]}
Rfe8 {[%emt 0:09:59]} 15. Nf3 {[%emt 0:11:00]} Nc5 {[%emt 0:18:16]} 16. Ra3 {
[%emt 0:08:51]} Bf8 {[%emt 0:09:47]} 17. Raa1 {[%emt 0:06:20]} Bc6 {[%emt 0:18:
02]} 18. Bd4 {[%emt 0:07:17]} Nh5 {[%emt 0:05:55]} 19. Be3 {[%emt 0:06:25]} Qb7
{[%emt 0:02:32]} 20. Bd2 {[%emt 0:01:46]} Nf6 {[%emt 0:01:12]} 21. Rfe1 {
[%emt 0:02:08]} e5 {[%emt 0:01:56]} 22. fxe5 {[%emt 0:00:40]} dxe5 {[%emt 0:00:
22]} 23. Bg5 {[%emt 0:01:59]} Nxd3 {[%emt 0:00:35]} 24. Qxd3 {[%emt 0:00:53]}
Rad8 {[%emt 0:02:25]} 25. Qf1 {[%emt 0:02:54]} Rd6 {[%emt 0:01:05]} 26. Nxe5 {
[%emt 0:02:10]} Nxe4 {[%emt 0:00:29]} 27. Nxe4 {[%emt 0:04:47]} Bxe4 {[%emt 0:
00:36]} 28. Rxe4 {[%emt 0:00:23]} f6 {[%emt 0:00:45]} 29. Qc4+ {[%emt 0:02:51]}
Kg7 {[%emt 0:00:28]} 30. Bh6+ {[%emt 0:00:47]} 1-0

[Event "Sparkassen-Open A"]
[Site "Heusenstamm, Martinsee"]
[Date "2021.11.20"]
[Round "4.14"]
[White "Klundt, Klaus"]
[Black "Schupp, Tobias"]
[Result "1/2-1/2"]
[WhiteElo "2307"]
[BlackElo "2121"]
[PlyCount "75"]
[EventDate "2021.??.??"]
[WhiteTeam "SC Heusenstamm"]
[BlackTeam "SK Niederbrechen"]

{[%evp 0,13,15,17,53,53,45,34,34,30,59,39,50,44,44,28]} 1. e4 {[%emt 0:08:37]}
c5 {[%emt 0:00:25]} 2. Nf3 {[%emt 0:00:19]} e6 3. d4 {[%emt 0:00:10]} cxd4 {
[%emt 0:00:05]} 4. Nxd4 {[%emt 0:00:05]} a6 {[%emt 0:00:09]} 5. Bd3 {[%emt 0:
00:26]} Nc6 {[%emt 0:00:22]} 6. Nxc6 {[%emt 0:00:18]} dxc6 {[%emt 0:00:13]} 7.
Nd2 {[%emt 0:00:08]} e5 {[%emt 0:08:37]} 8. O-O {[%emt 0:01:23]} Bc5 9. Nc4 {
[%emt 0:01:57]} Qc7 {[%emt 0:01:28]} 10. Qh5 {[%emt 0:01:27]} Bd6 {[%emt 0:02:
15]} 11. f4 {[%emt 0:03:24]} Nf6 {[%emt 0:22:13]} 12. Nxd6+ {[%emt 0:03:41]}
Qxd6 {[%emt 0:00:12]} 13. Qxe5+ {[%emt 0:00:07]} Qxe5 {[%emt 0:00:14]} 14. fxe5
{[%emt 0:00:14]} Nd7 {[%emt 0:00:33]} 15. Bf4 {[%emt 0:09:08]} Nc5 {[%emt 0:00:
24]} 16. Be3 {[%emt 0:03:55]} Nd7 {[%emt 0:12:28]} 17. Bd4 {[%emt 0:04:49]} c5
{[%emt 0:06:01]} 18. Bc3 {[%emt 0:18:08]} b5 {[%emt 0:01:19]} 19. e6 {[%emt 0:
02:13]} fxe6 {[%emt 0:00:19]} 20. Bxg7 {[%emt 0:00:16]} Rg8 {[%emt 0:00:05]}
21. Bh6 {[%emt 0:00:41]} Bb7 {[%emt 0:00:56]} 22. Rae1 {[%emt 0:07:36]} O-O-O {
[%emt 0:01:05]} 23. Rf4 {[%emt 0:04:58]} Rg6 {[%emt 0:01:09]} 24. Rh4 {[%emt 0:
00:12]} Ne5 {[%emt 0:00:46]} 25. Be2 Rd4 {[%emt 0:09:22]} 26. Be3 {[%emt 0:02:
10]} Rxe4 {[%emt 0:00:26]} 27. Rxe4 {[%emt 0:00:14]} Bxe4 {[%emt 0:00:04]} 28.
g3 {[%emt 0:00:29]} c4 {[%emt 0:04:01]} 29. Bf4 {[%emt 0:01:05]} Nf3+ {[%emt 0:
00:35]} 30. Bxf3 {[%emt 0:00:10]} Bxf3 {[%emt 0:00:10]} 31. Re5 {[%emt 0:01:17]
} Bd5 {[%emt 0:00:42]} 32. Kf2 {[%emt 0:00:27]} Kd7 {[%emt 0:00:35]} 33. Ke3 {
[%emt 0:00:28]} Kc6 {[%emt 0:00:49]} 34. Rh5 {[%emt 0:01:16]} Rg7 {[%emt 0:00:
32]} 35. Kd4 {[%emt 0:02:33]} Bf3 {[%emt 0:03:24]} 36. Rh6 {[%emt 0:00:41]} Bg4
{[%emt 0:00:53]} 37. b3 {[%emt 0:05:21]} cxb3 {[%emt 0:01:00]} 38. cxb3 {
[%emt 0:00:38]} 1/2-1/2

[Event "Sparkassen-Open A"]
[Site "Heusenstamm, Martinsee"]
[Date "2021.11.20"]
[Round "4.15"]
[White "Papadopoulos, Ioannis"]
[Black "Cofmann, Veaceslav"]
[Result "0-1"]
[WhiteElo "2005"]
[BlackElo "2288"]
[PlyCount "72"]
[EventDate "2021.??.??"]
[WhiteTeam "SV Oberursel"]
[BlackTeam "SC Eppingen"]

{[%evp 0,13,15,17,53,30,30,33,64,56,41,2,16,25,25,0]} 1. e4 e6 {[%emt 0:00:09]}
2. d4 {[%emt 0:01:02]} d5 3. Nc3 {[%emt 0:01:19]} Nf6 4. e5 {[%emt 0:00:13]}
Nfd7 5. f4 {[%emt 0:00:04]} c5 {[%emt 0:00:07]} 6. Nf3 Nc6 {[%emt 0:00:04]} 7.
Be3 {[%emt 0:00:13]} Qb6 {[%emt 0:00:09]} 8. Na4 {[%emt 0:00:40]} Qa5+ {
[%emt 0:00:11]} 9. c3 {[%emt 0:00:16]} c4 {[%emt 0:00:08]} 10. b4 {[%emt 0:07:
00]} Nxb4 {[%emt 0:01:49]} 11. cxb4 {[%emt 0:02:17]} Bxb4+ {[%emt 0:00:08]} 12.
Kf2 {[%emt 0:00:52]} b5 13. Nb2 {[%emt 0:02:27]} Ba3 {[%emt 0:02:18]} 14. Qc2 {
[%emt 0:05:09]} Nb6 {[%emt 0:00:08]} 15. Be2 {[%emt 0:09:29]} Bd7 {[%emt 0:00:
39]} 16. Rab1 {[%emt 0:05:37]} Be7 {[%emt 0:04:23]} 17. g4 {[%emt 0:12:59]} b4
{[%emt 0:02:13]} 18. Kg3 {[%emt 0:13:23]} Qa3 {[%emt 0:08:27]} 19. Bf2 {
[%emt 0:06:03]} a5 {[%emt 0:01:51]} 20. Ra1 {[%emt 0:07:52]} h5 {[%emt 0:04:20]
} 21. g5 {[%emt 0:02:18]} g6 {[%emt 0:02:19]} 22. h4 {[%emt 0:00:25]} a4 {
[%emt 0:07:06]} 23. Rhc1 {[%emt 0:03:35]} O-O {[%emt 0:03:15]} 24. Nd1 {
[%emt 0:02:46]} Rfc8 {[%emt 0:03:37]} 25. Be1 {[%emt 0:05:42]} c3 {[%emt 0:02:
39]} 26. Rab1 {[%emt 0:01:36]} Nc4 {[%emt 0:00:53]} 27. Kf2 {[%emt 0:06:15]}
Rab8 {[%emt 0:03:11]} 28. Bxc4 {[%emt 0:01:08]} Rxc4 {[%emt 0:01:07]} 29. Ne3 {
[%emt 0:01:43]} Rcc8 {[%emt 0:00:46]} 30. Kg1 {[%emt 0:01:51]} b3 {[%emt 0:00:
53]} 31. axb3 {[%emt 0:00:13]} axb3 {[%emt 0:00:43]} 32. Qg2 c2 {[%emt 0:00:29]
} 33. Nxc2 {[%emt 0:00:49]} bxc2 {[%emt 0:00:21]} 34. Rxb8 {[%emt 0:01:06]}
Qxc1 {[%emt 0:00:20]} 35. Rxc8+ {[%emt 0:00:25]} Bxc8 {[%emt 0:00:08]} 36. Qd2
{[%emt 0:00:15]} Qd1 0-1

[Event "Sparkassen-Open A"]
[Site "Heusenstamm, Martinsee"]
[Date "2021.11.20"]
[Round "4.16"]
[White "Kersten, Uwe"]
[Black "Küpper, Martin"]
[Result "1-0"]
[WhiteElo "2254"]
[BlackElo "2013"]
[PlyCount "53"]
[EventDate "2021.??.??"]
[WhiteTeam "Sfr. Bad Emstal/Wolfhagen"]
[BlackTeam "SC Fulda"]

{[%evp 0,11,17,17,87,83,86,74,86,21,54,44,83,58]} 1. e4 g6 {[%emt 0:00:27]} 2.
d4 {[%emt 0:00:26]} Bg7 3. Nc3 {[%emt 0:02:27]} c6 4. f4 {[%emt 0:01:27]} Qb6 {
[%emt 0:00:36]} 5. Nf3 {[%emt 0:04:02]} d6 {[%emt 0:00:40]} 6. Bc4 {[%emt 0:04:
05]} Nh6 {[%emt 0:00:12]} 7. h3 {[%emt 0:01:23]} d5 {[%emt 0:05:51]} 8. Bb3 {
[%emt 0:03:08]} dxe4 {[%emt 0:05:35]} 9. Nxe4 {[%emt 0:00:16]} O-O {[%emt 0:00:
13]} 10. g4 {[%emt 0:06:59]} c5 {[%emt 0:38:55]} 11. Nxc5 {[%emt 0:03:49]} Nc6
{[%emt 0:00:23]} 12. c3 {[%emt 0:01:45]} Qa5 {[%emt 0:14:27]} 13. Bd2 {[%emt 0:
11:42]} Rd8 {[%emt 0:04:16]} 14. Qe2 {[%emt 0:03:25]} Qc7 {[%emt 0:01:28]} 15.
Nd3 {[%emt 0:06:46]} Na5 {[%emt 0:02:46]} 16. Bc2 {[%emt 0:13:33]} Nc4 {
[%emt 0:00:57]} 17. Bc1 {[%emt 0:02:59]} b5 {[%emt 0:01:00]} 18. a4 {[%emt 0:
01:57]} bxa4 {[%emt 0:04:39]} 19. Nc5 {[%emt 0:04:13]} Nb6 {[%emt 0:01:38]} 20.
O-O {[%emt 0:01:59]} Nd5 {[%emt 0:05:00]} 21. Ne5 {[%emt 0:01:28]} f6 {[%emt 0:
01:45]} 22. Ned3 {[%emt 0:00:24]} Nf7 {[%emt 0:00:33]} 23. Ne6 {[%emt 0:01:17]}
Bxe6 {[%emt 0:00:14]} 24. Qxe6 {[%emt 0:00:03]} Kf8 {[%emt 0:03:09]} 25. Nc5 {
[%emt 0:02:26]} Ng5 {[%emt 0:00:41]} 26. Qe2 {[%emt 0:02:52]} Nxh3+ {[%emt 0:
00:46]} 27. Kg2 {[%emt 0:00:38]} 1-0

[Event "Sparkassen-Open A"]
[Site "Heusenstamm, Martinsee"]
[Date "2021.11.20"]
[Round "4.17"]
[White "Asadzade, Idris"]
[Black "Ohler, Julius"]
[Result "1/2-1/2"]
[WhiteElo "2228"]
[BlackElo "2006"]
[PlyCount "50"]
[EventDate "2021.??.??"]
[WhiteTeam "SG Solingen"]
[BlackTeam "SC ML Kastellaun"]

1. c4 Nf6 2. Nf3 e6 3. g3 d5 4. Bg2 Be7 5. O-O O-O 6. d4 c6 7. Qc2 Nbd7 8. Nbd2
b6 9. e4 dxc4 10. Nxc4 Bb7 11. Rd1 c5 12. Nfe5 cxd4 13. Rxd4 Bc5 14. Rd1 Qe7
15. Bg5 Rfd8 16. Nd3 h6 17. Nxc5 Qxc5 18. Be3 Qc7 19. Rac1 Rac8 20. Qb1 Nc5 21.
Rxd8+ Rxd8 22. Na5 Bxe4 23. Bxe4 Nfxe4 24. b4 bxa5 25. bxc5 Qc6 1/2-1/2

[Event "Sparkassen-Open A"]
[Site "Heusenstamm, Martinsee"]
[Date "2021.11.20"]
[Round "4.18"]
[White "Junker, Christian"]
[Black "Hommer, Jeremy"]
[Result "0-1"]
[WhiteElo "2019"]
[BlackElo "2171"]
[PlyCount "80"]
[EventDate "2021.??.??"]
[WhiteTeam "SV Neu-Isenburg"]
[BlackTeam "Hamburger SK"]

1. Nf3 d5 2. g3 Nf6 3. d3 Nc6 4. Nbd2 e5 5. e4 dxe4 6. dxe4 Bc5 7. Bg2 O-O 8.
O-O a5 9. a4 Qe7 10. Qe2 b6 11. Nc4 Ba6 12. c3 Qe6 13. b3 h6 14. h3 Rfd8 15. g4
Bxc4 16. bxc4 Qd6 17. Re1 Qd3 18. Bb2 Qxe2 19. Rxe2 Rd3 20. Ne1 Rd7 21. Nc2
Rad8 22. Ba3 Rd2 23. Rxd2 Rxd2 24. Ne3 Bxe3 25. fxe3 Rd3 26. Rc1 Rd2 27. c5
bxc5 28. Bxc5 Nd7 29. Ba3 Ra2 30. Rd1 Nb6 31. Bc5 Nxa4 32. Rd7 Nxc5 33. Rxc7
Rc2 34. Rxc6 Rxc3 35. Rc8+ Kh7 36. Ra8 a4 37. Bf1 a3 38. Bb5 Rc1+ 39. Kg2 Rc2+
40. Kf3 a2 0-1

[Event "Sparkassen-Open A"]
[Site "Heusenstamm, Martinsee"]
[Date "2021.11.20"]
[Round "4.19"]
[White "Sieber, Fiona"]
[Black "Woestmann, Ulrich"]
[Result "1-0"]
[WhiteElo "2207"]
[BlackElo "2000"]
[PlyCount "53"]
[EventDate "2021.??.??"]
[WhiteTeam "SG Aufbau Elbe Magdeburg"]
[BlackTeam "SV Ahlen"]

1. e4 c5 2. Nf3 d6 3. d4 cxd4 4. Nxd4 Nf6 5. Nc3 a6 6. Be3 e5 7. Nb3 Be7 8. f3
Be6 9. Qd2 O-O 10. O-O-O a5 11. a4 Na6 12. g4 Nb4 13. Bb5 d5 14. g5 Nxe4 15.
fxe4 d4 16. Qg2 Bxb3 17. cxb3 Qc7 18. Kb1 dxc3 19. Rd7 c2+ 20. Ka1 Qc8 21. Rxe7
Rd8 22. Qf3 Rd1+ 23. Rxd1 cxd1=Q+ 24. Qxd1 Nc2+ 25. Ka2 Nxe3 26. Qf3 Qf8 27.
Rc7 1-0

[Event "Sparkassen-Open A"]
[Site "Heusenstamm, Martinsee"]
[Date "2021.11.20"]
[Round "4.20"]
[White "Foerster-Yialamas, Lucas"]
[Black "Laux, Dominik"]
[Result "0-1"]
[WhiteElo "2002"]
[BlackElo "2205"]
[PlyCount "88"]
[EventDate "2021.??.??"]
[WhiteTeam "Frankfurter TV"]
[BlackTeam "SV Hofheim"]

1. e4 c5 2. Nf3 d6 3. d4 cxd4 4. Nxd4 Nf6 5. Nc3 a6 6. f3 e5 7. Nb3 Be6 8. Be3
Be7 9. Qd2 h5 10. Nd5 Nxd5 11. exd5 Bf5 12. Bd3 Bxd3 13. Qxd3 Nd7 14. O-O O-O
15. Rfd1 Bg5 16. c4 Bxe3+ 17. Qxe3 a5 18. Rac1 f5 19. Rc2 b6 20. Nc1 Qf6 21.
Nd3 Rae8 22. b3 g5 23. Nf2 g4 24. a3 Re7 25. b4 axb4 26. axb4 gxf3 27. gxf3
Rg7+ 28. Kh1 Ra8 29. Nd3 Ra3 30. Qc1 Rb3 31. Rb2 Rxb2 32. Qxb2 Qg5 33. Qf2 e4
34. fxe4 fxe4 35. Nf4 Qf5 36. Rg1 Rg4 37. Rxg4+ hxg4 38. Kg1 Ne5 39. Ne2 Qf3
40. c5 e3 41. Qg2 dxc5 42. bxc5 bxc5 43. Qg3 Qxe2 44. Qxe5 Qf2+ 0-1

[Event "Sparkassen-Open A"]
[Site "Heusenstamm, Martinsee"]
[Date "2021.11.20"]
[Round "4.21"]
[White "Kleibel, Uwe"]
[Black "Kirchner, Markus"]
[Result "1-0"]
[WhiteElo "2149"]
[BlackElo "1995"]
[PlyCount "171"]
[EventDate "2021.??.??"]
[WhiteTeam "SC Bavaria Regensburg von 1881"]
[BlackTeam "SF Schöneck"]

1. d4 f5 2. c4 Nf6 3. g3 g6 4. Bg2 Bg7 5. Nf3 O-O 6. Nc3 d6 7. O-O Qe8 8. b3
Na6 9. Ba3 c6 10. Qd3 Nc7 11. e4 fxe4 12. Nxe4 Bf5 13. Nxf6+ Bxf6 14. Qe3 Qf7
15. Rad1 Bg4 16. h3 Bxf3 17. Qxf3 a5 18. Bc1 a4 19. Bh6 Rfe8 20. h4 axb3 21.
axb3 Ra3 22. Bc1 Ra2 23. Rfe1 Rf8 24. Bh6 Re8 25. Bh3 Bg7 26. Qxf7+ Kxf7 27.
Bxg7 Kxg7 28. Bd7 Rf8 29. Rxe7+ Rf7 30. Rxf7+ Kxf7 31. Bc8 b5 32. Bd7 bxc4 33.
bxc4 Rc2 34. Bxc6 Rxc4 35. d5 Re4 36. Ra1 Kf6 37. Ra7 Re7 38. Ra5 Ke5 39. f4+
Kd4 40. Kf2 h5 41. Ra1 Kc4 42. Rc1+ Kd4 43. Rd1+ Kc4 44. Kf3 Rf7 45. Rc1+ Kd4
46. Ra1 Re7 47. Rd1+ Kc4 48. g4 Rh7 49. g5 Rf7 50. Ke4 Re7+ 51. Kf3 Rf7 52.
Rc1+ Kd4 53. Ra1 Kc4 54. Rc1+ Kd4 55. Ba4 Re7 56. Rd1+ Kc3 57. f5 gxf5 58. Kf4
Re4+ 59. Kxf5 Re5+ 60. Kg6 Nxd5 61. Kxh5 Nf4+ 62. Kh6 d5 63. h5 d4 64. Rf1 Rf5
65. Bd7 Rf8 66. Bg4 d3 67. Rf3 Kc2 68. g6 d2 69. g7 Rf6+ 70. Kg5 d1=Q 71. g8=Q
Ne6+ 72. Kxf6 Qd4+ 73. Kf7 Nd8+ 74. Ke8 Qe4+ 75. Kxd8 Qa8+ 76. Bc8 Qxf3 77.
Qc4+ Kb2 78. Qd4+ Kc2 79. Qc5+ Kd2 80. Ke7 Qe4+ 81. Be6 Qh4+ 82. Kf7 Qf4+ 83.
Bf5 Ke1 84. Qg1+ Kd2 85. Qg2+ Ke3 86. Qe4+ 1-0

[Event "Sparkassen-Open A"]
[Site "Heusenstamm, Martinsee"]
[Date "2021.11.20"]
[Round "4.22"]
[White "Pauls, Wilhelm"]
[Black "Iliev, Mustafa Batuhan"]
[Result "1-0"]
[WhiteElo "1993"]
[BlackElo "2089"]
[PlyCount "61"]
[EventDate "2021.??.??"]
[WhiteTeam "SG Kaarst"]
[BlackTeam "SV Großauheim"]

1. e4 c5 2. Nf3 e6 3. d4 cxd4 4. Nxd4 Nf6 5. Nc3 d6 6. Bc4 Be7 7. Bb3 Na6 8.
Be3 Nc5 9. f3 Qc7 10. Qe2 a6 11. g4 b5 12. g5 Nfd7 13. O-O-O Bb7 14. h4 Nb6 15.
Qf2 Rc8 16. Kb1 b4 17. Nce2 a5 18. Nf4 e5 19. Nb5 Qb8 20. Nh5 Ba6 21. Nxg7+ Kf8
22. Nxd6 Bxd6 23. Nf5 Nd3 24. cxd3 a4 25. Bxf7 Kxf7 26. Bxb6 b3 27. f4 exf4 28.
Qd4 Ke6 29. Qd5+ Kd7 30. Qf7+ Kc6 31. Bd4 1-0

[Event "Sparkassen-Open A"]
[Site "Heusenstamm, Martinsee"]
[Date "2021.11.20"]
[Round "4.23"]
[White "Burkhardt, Holger"]
[Black "Pietzsch, Manuel"]
[Result "1-0"]
[WhiteElo "1987"]
[BlackElo "2137"]
[PlyCount "37"]
[EventDate "2021.??.??"]
[WhiteTeam "SK Gießen"]
[BlackTeam "SG Leipzig"]

1. e4 c5 2. d4 cxd4 3. Qxd4 Nc6 4. Qe3 g6 5. Nc3 Bg7 6. Bd2 d6 7. O-O-O Nf6 8.
Nge2 Ng4 9. Qg3 Qb6 10. Be1 h5 11. Na4 Qa6 12. Nec3 Qa5 13. f4 O-O 14. h3 Nf6
15. Qe3 Rb8 16. b3 Qb4 17. e5 a6 18. exf6 Bxf6 19. Nb1 1-0

[Event "Sparkassen-Open A"]
[Site "Heusenstamm, Martinsee"]
[Date "2021.11.20"]
[Round "4.24"]
[White "Eilenberg, Jonas"]
[Black "Ungurean, Florin-Ioan"]
[Result "1-0"]
[WhiteElo "2124"]
[BlackElo "1970"]
[PlyCount "65"]
[EventDate "2021.??.??"]
[WhiteTeam "Königsjäger Süd-West"]
[BlackTeam "Wiesbadener SV"]

1. c4 c6 2. d4 d5 3. cxd5 cxd5 4. Nf3 Nf6 5. Nc3 Nc6 6. Bf4 Ne4 7. e3 Nxc3 8.
bxc3 e6 9. Bd3 Bd6 10. Bg3 O-O 11. O-O Bxg3 12. hxg3 b6 13. c4 dxc4 14. Bxc4
Bb7 15. Rc1 Rc8 16. Bd3 Nb4 17. Rxc8 Qxc8 18. Bxh7+ Kxh7 19. Qb1+ Kg8 20. Qxb4
Qa8 21. Nh4 g5 22. d5 gxh4 23. Qg4+ Kh7 24. Qh5+ Kg7 25. Qg5+ Kh7 26. dxe6 Bxg2
27. Rd1 Rc8 28. Qh5+ Kg7 29. Qxf7+ Kh6 30. Qf6+ Kh5 31. g4+ Kxg4 32. Qg6+ Kh3
33. Qf5# 1-0

[Event "Sparkassen-Open A"]
[Site "Heusenstamm, Martinsee"]
[Date "2021.11.20"]
[Round "4.25"]
[White "Steinle, Carsten"]
[Black "Ochs, Daniel Elias"]
[Result "1/2-1/2"]
[WhiteElo "2117"]
[BlackElo "1966"]
[PlyCount "86"]
[EventDate "2021.??.??"]
[WhiteTeam "SV Ahlen"]
[BlackTeam "Wiesbadener SV"]

1. e4 c5 2. b3 Nc6 3. Bb2 d6 4. f4 Nf6 5. e5 Nd5 6. Qf3 Ndb4 7. Na3 dxe5 8. Bb5
a6 9. Bxc6+ Nxc6 10. fxe5 Be6 11. Ne2 Qd5 12. Qg3 Qe4 13. Qf4 Bf5 14. O-O Qxf4
15. Rxf4 e6 16. Ng3 Bg6 17. Ne4 Rd8 18. d3 b5 19. Re1 Nb4 20. Nd6+ Bxd6 21.
exd6 Rxd6 22. Bxg7 Rg8 23. Bf6 Nd5 24. Be5 Rd7 25. Rf2 Ke7 26. Nb1 f6 27. Bb2
e5 28. Nc3 Nxc3 29. Bxc3 b4 30. Bb2 Ke6 31. a3 a5 32. Ra1 Rd6 33. axb4 axb4 34.
Ra5 Kd5 35. Bc1 f5 36. Be3 Rc6 37. Rf1 f4 38. Bf2 e4 39. Be1 f3 40. Bxb4 Bh5
41. dxe4+ Kxe4 42. Re1+ Kd4 43. Rd1+ Ke4 1/2-1/2

[Event "Sparkassen-Open A"]
[Site "Heusenstamm, Martinsee"]
[Date "2021.11.20"]
[Round "4.26"]
[White "Buchholz, Maja"]
[Black "Spilles, Matthias"]
[Result "1-0"]
[WhiteElo "1930"]
[BlackElo "2088"]
[PlyCount "81"]
[EventDate "2021.??.??"]
[WhiteTeam "SK Langen"]
[BlackTeam "Brühler SK"]

1. e4 e6 2. d4 d5 3. Nc3 Nf6 4. Bg5 dxe4 5. Nxe4 Be7 6. Nxf6+ Bxf6 7. Bxf6 Qxf6
8. Nf3 O-O 9. Qd3 c5 10. Qe4 Nc6 11. O-O-O cxd4 12. Bd3 g6 13. g4 e5 14. Rhg1
Be6 15. Rde1 Rfe8 16. h4 Rad8 17. Nxe5 Bd5 18. Nd7 Qd6 19. Qxd5 Rxe1+ 20. Rxe1
Qxd5 21. Nf6+ Kf8 22. Nxd5 Rxd5 23. g5 Nb4 24. Be4 Rc5 25. Kd2 Nxa2 26. Ra1 Nb4
27. Rxa7 b5 28. Ra8+ Ke7 29. Rh8 h5 30. gxh6 Rh5 31. h7 Rxh4 32. Bxg6 Kf6 33.
Rb8 Kg7 34. Bxf7 Rxh7 35. Rxb5 Nxc2 36. Rb7 Rh2 37. Bc4+ Kh6 38. Kxc2 Rxf2+ 39.
Kd3 Rf4 40. b3 Kg6 41. Rd7 1-0

[Event "Sparkassen-Open A"]
[Site "Heusenstamm, Martinsee"]
[Date "2021.11.20"]
[Round "4.27"]
[White "Calvi, Stefan"]
[Black "van den Hoff, Damian"]
[Result "1/2-1/2"]
[WhiteElo "2053"]
[BlackElo "1879"]
[PlyCount "155"]
[EventDate "2021.??.??"]
[WhiteTeam "SF Frankfurt"]
[BlackTeam "VL Niederlande"]

1. e4 e5 2. Nf3 Nc6 3. d4 exd4 4. Nxd4 Nf6 5. Nxc6 bxc6 6. Nd2 Bc5 7. Bd3 d5 8.
exd5 cxd5 9. O-O O-O 10. h3 c6 11. Re1 Qc7 12. Nf3 Bxh3 13. Be3 Bxe3 14. Rxe3
Bg4 15. Qf1 Qb6 16. b3 d4 17. Re5 Bxf3 18. gxf3 Rae8 19. Rg5 Qc7 20. Qh3 g6 21.
Kg2 Nd5 22. Qh6 Nf4+ 23. Kh1 Re5 24. Bc4 Qe7 25. Rag1 Re1 26. Rxe1 Qxe1+ 27.
Rg1 Qe5 28. Qg5 Qd6 29. Re1 Ne6 30. Qe5 Qxe5 31. Rxe5 Kg7 32. Ra5 Ra8 33. Ra6
Nd8 34. b4 Rb8 35. Rxa7 Rxb4 36. Bb3 Rb7 37. Ra8 Ne6 38. Rc8 Rb6 39. Kg1 Nc5
40. Kf1 Nxb3 41. axb3 d3 42. cxd3 Rxb3 43. Rxc6 Rxd3 44. Kg2 h5 45. Ra6 g5 46.
Rb6 f6 47. Ra6 h4 48. Rb6 Kg6 49. Ra6 Rd5 50. Rb6 Rf5 51. Rb8 Rf4 52. Rb5 g4
53. fxg4 Rxg4+ 54. Kh3 Rf4 55. Kg2 f5 56. Rb8 Rg4+ 57. Kh3 Kg5 58. Ra8 Re4 59.
Kg2 Rg4+ 60. Kh3 Rd4 61. Kg2 Rd3 62. Rg8+ Kf4 63. Rh8 Kg5 64. Rg8+ Kf6 65. Rf8+
Kg6 66. Rh8 Rd4 67. Rg8+ Kh7 68. Rf8 Rf4 69. Rf6 Kg7 70. Ra6 Rc4 71. Kh3 Rc2
72. Kxh4 Rxf2 73. Kg5 f4 74. Ra7+ Kf8 75. Kg4 Rf1 76. Ra4 Kf7 77. Rxf4+ Rxf4+
78. Kxf4 1/2-1/2

[Event "Sparkassen-Open A"]
[Site "Heusenstamm, Martinsee"]
[Date "2021.11.20"]
[Round "4.28"]
[White "Stumpf, Daniel"]
[Black "Blübaum, Johanna"]
[Result "1/2-1/2"]
[WhiteElo "1931"]
[BlackElo "2046"]
[PlyCount "128"]
[EventDate "2021.??.??"]
[WhiteTeam "SW Lichtenrade"]
[BlackTeam "SK Marburg"]

1. c4 e6 2. Nf3 d5 3. e3 Nf6 4. b3 Bd6 5. Bb2 O-O 6. Nc3 Re8 7. Be2 c5 8. cxd5
exd5 9. d4 Nc6 10. O-O Bf5 11. Nb5 Bb8 12. dxc5 Ne4 13. Nbd4 Bg4 14. Nxc6 bxc6
15. Nd4 Qc7 16. g3 Bh3 17. Re1 Bd7 18. Bg4 Qc8 19. Bxd7 Qxd7 20. Rc1 Bc7 21.
Qf3 Ba5 22. Re2 Bd2 23. Rc2 Bb4 24. Qf5 Qb7 25. f3 Nf6 26. Qg5 h6 27. Qh4 Qd7
28. Nxc6 Qxc6 29. Qxb4 Nh7 30. Qd4 f6 31. h4 Nf8 32. Kf2 Ne6 33. Qd3 Nc7 34. e4
dxe4 35. Rxe4 Rad8 36. Qc4+ Kh8 37. Rxe8+ Rxe8 38. Rd2 Ne6 39. b4 Qc8 40. Bc3
Nc7 41. Qg4 Qa6 42. Qd7 Qc4 43. Qd3 Qe6 44. Re2 Qh3 45. Rxe8+ Nxe8 46. Qf1 Qf5
47. Qe2 Nc7 48. a4 Qh3 49. Qf1 Qf5 50. Qd1 Nd5 51. g4 Qe6 52. Qe1 Qc6 53. Qe4
Qd7 54. Bd2 Nc7 55. Bf4 Nd5 56. Bd6 Nc3 57. Qc4 Nxa4 58. b5 Nb6 59. cxb6 Qxd6
60. b7 Qb6+ 61. Kg3 Qxb7 62. Qc6 Qb8+ 63. f4 Qd8 64. Qe4 Qb6 1/2-1/2

[Event "Sparkassen-Open A"]
[Site "Heusenstamm, Martinsee"]
[Date "2021.11.20"]
[Round "4.29"]
[White "Schmidbauer, Frank"]
[Black "Rose, Daniel"]
[Result "1/2-1/2"]
[WhiteElo "2044"]
[BlackElo "1842"]
[PlyCount "45"]
[EventDate "2021.??.??"]
[WhiteTeam "SV Wollishofen Zuerich"]
[BlackTeam "Königsjäger Süd-West"]

1. Nf3 d5 2. g3 Nf6 3. Bg2 e6 4. O-O Be7 5. c4 O-O 6. b3 c5 7. cxd5 Nxd5 8. Bb2
Nc6 9. d4 cxd4 10. Nxd4 Nxd4 11. Qxd4 Bf6 12. Qd2 Bxb2 13. Qxb2 Qf6 14. Qxf6
Nxf6 15. Rd1 Rb8 16. Nc3 Bd7 17. Rac1 Rfc8 18. Ne4 Nxe4 19. Rxc8+ Rxc8 20. Bxe4
Rc7 21. f4 Kf8 22. Kf2 Ke7 23. Ke3 1/2-1/2

[Event "Sparkassen-Open A"]
[Site "Heusenstamm, Martinsee"]
[Date "2021.11.20"]
[Round "4.30"]
[White "Adocchio, Giampiero"]
[Black "Diez, Gerhard"]
[Result "1-0"]
[WhiteElo "2168"]
[BlackElo "1986"]
[PlyCount "103"]
[EventDate "2021.??.??"]
[WhiteTeam "Mosbacher SC"]
[BlackTeam "SC Bad Nauheim"]

1. d4 Nf6 2. c4 e6 3. Nf3 a6 4. Nc3 d5 5. c5 b6 6. cxb6 c5 7. e3 Qxb6 8. Na4
Qc7 9. Nxc5 Bxc5 10. dxc5 Qxc5 11. Be2 O-O 12. O-O Nc6 13. b3 Bb7 14. Bb2 Qe7
15. Rc1 Rfc8 16. Bd3 Ne4 17. Bb1 a5 18. a3 f6 19. Nd2 Nd6 20. Kh1 f5 21. Qh5
Qf7 22. Qh4 Qe7 23. Qg3 Ne8 24. Rfd1 Rc7 25. h4 Rac8 26. h5 Qf7 27. Qh4 h6 28.
Nf1 Nf6 29. Ng3 Ng4 30. Kg1 Qe7 31. Qxe7 Nxe7 32. Rxc7 Rxc7 33. Rc1 Rxc1+ 34.
Bxc1 Kf7 35. Bd3 Ne5 36. Be2 N5c6 37. Bb2 e5 38. f4 Ke6 39. Kf2 g6 40. hxg6
Nxg6 41. Nh5 Kf7 42. Bf3 e4 43. Be2 Nge7 44. Bc3 Bc8 45. Bb5 Kg6 46. Ng3 h5 47.
Ne2 Kf7 48. Nd4 Bb7 49. Bxc6 Nxc6 50. Nxf5 Kg6 51. Nd6 Ba6 52. f5+ 1-0

[Event "Sparkassen-Open A"]
[Site "Heusenstamm, Martinsee"]
[Date "2021.11.20"]
[Round "4.31"]
[White "Wachsmann, Dietmar"]
[Black "Wolf, Ulrich Martin"]
[Result "1/2-1/2"]
[WhiteElo "1983"]
[BlackElo "2152"]
[PlyCount "95"]
[EventDate "2021.??.??"]
[WhiteTeam "SC Groß-Umstadt"]
[BlackTeam "SC Hansa Dortmund"]

1. e4 c5 2. Nf3 Nc6 3. d4 cxd4 4. Nxd4 e5 5. Nb5 d6 6. N1c3 a6 7. Na3 b5 8. Nd5
Be7 9. Be3 Rb8 10. c4 b4 11. Nc2 a5 12. Bd3 Nf6 13. O-O O-O 14. b3 Ng4 15. Bd2
Bg5 16. f3 Bxd2 17. Qxd2 Nf6 18. f4 Nd7 19. f5 f6 20. c5 dxc5 21. Rf3 Nb6 22.
Nce3 Nd4 23. Rh3 c4 24. bxc4 Nd7 25. c5 Nxc5 26. Bc4 Rf7 27. Nxf6+ Qxf6 28. Ng4
Qe7 29. f6 gxf6 30. Bxf7+ Qxf7 31. Nh6+ Kf8 32. Nxf7 Bxh3 33. Qh6+ Kxf7 34.
Qxh7+ Ke6 35. Qxh3+ Ke7 36. Qh7+ Kd6 37. Qa7 Rb5 38. Qa8 a4 39. Qd5+ Ke7 40. h4
Ncb3 41. Qc4 Nxa1 42. Qc7+ Ke6 43. Qc8+ Kd6 44. Qd8+ Kc5 45. Qd5+ Kb6 46. Qd8+
Kc5 47. Qd5+ Kb6 48. Qd8+ 1/2-1/2